INTRODUCATIN PLANT PATHOLOGY (Record no. 291041)

MARC details
000 -LEADER
fixed length control field 00373pam a2200145a 44500
008 - FIXED-LENGTH DATA ELEMENTS--GENERAL INFORMATION
fixed length control field 230405s2020 xxu||||| |||| 00| 0 eng d
041 ## - LANGUAGE CODE
Language code of text/sound track or separate title ENG
100 ## - MAIN ENTRY--PERSONAL NAME
Personal name CHUBE H S
245 ## - TITLE STATEMENT
Title INTRODUCATIN PLANT PATHOLOGY
250 ## - EDITION STATEMENT
Edition statement 1 ST 2015 Ed.
260 ## - PUBLICATION, DISTRIBUTION, ETC.
Place of publication, distribution, etc. NEW DELHI
Name of publisher, distributor, etc. CBS PUB
Date of publication, distribution, etc. 2020
300 ## - PHYSICAL DESCRIPTION
Extent 443p.
440 ## - SERIES STATEMENT/ADDED ENTRY--TITLE
Title BHARATI GRAHAK BHANDAR ,B/4424,16/08/2018
906 ## - LOCAL DATA ELEMENT F, LDF (RLIN)
a 2163
Holdings
Withdrawn status Lost status Damaged status Not for loan Collection Home library Current library Date acquired Total Checkouts Barcode Date last seen Price effective from Koha item type
          Loknete Mohanrao Kadam College of Agriculture, Kadegaon, Sangli Loknete Mohanrao Kadam College of Agriculture, Kadegaon, Sangli 02/09/2020   AGK-5878 17/04/2023 17/04/2023 Book
          Loknete Mohanrao Kadam College of Agriculture, Kadegaon, Sangli Loknete Mohanrao Kadam College of Agriculture, Kadegaon, Sangli 03/08/2020   AGK-5879 17/04/2023 17/04/2023 Book